Entry Personal Name
Number of records used in: 1
001 - CONTROL NUMBER
003 - CONTROL NUMBER IDENTIFIER
005 - DATE AND TIME OF LATEST TRANSACTION
- control field:
20221105111454.0
008 - FIXED-LENGTH DATA ELEMENTS
- fixed length control field:
890817n| azannaab |n aaa
010 ## - LIBRARY OF CONGRESS CONTROL NUMBER
- LC control number:
n 88152867
040 ## - CATALOGING SOURCE
- Original cataloging agency:
DLC
- Language of cataloging:
eng
- Description conventions:
rda
- Transcribing agency:
DLC
- Modifying agency:
DLC
100 1# - HEADING--PERSONAL NAME
- Personal name:
Black, Jacquelyn G.
372 ## - FIELD OF ACTIVITY
- Field of activity:
Microbiology
- Source of term:
lcsh
373 ## - ASSOCIATED GROUP
- Associated group:
Marymount University
- Source of term:
naf
377 ## - ASSOCIATED LANGUAGE
670 ## - SOURCE DATA FOUND
- Source citation:
Creager, J.G. Microbiology, 1990:
- Information found:
CIP t.p. (Jacquelyn G. Black, Marymount University, Northern Va. Comm. Coll.)